000 00603nam a2200181 a 4500
001 BRCA_651
005 20190320203109.0
008 100408s2004----sp-a---###---#000-0#spa-#
020 _a8487181996
050 4 _aNE699
_b.C35 2004
245 1 0 _aCalcografía nacional
_bcatálogo general
_cClemente Barrera ... [et al.].
260 _aMadrid
_bReal Academia de Bellas Artes de San Fernando
_c2004
300 _a2 v.
_bil (algunas a color), tablas
_c24 cm.
500 _aIncluye índice onomástico
650 1 4 _aGrabado
_ySiglos XVIII a XX
_zEspaña
_92189
700 1 _aBarrera, Clemente
_92190
942 _2lcc
_cB
999 _c567
_d567